000 003160000a22001450004500
003 MACL
040 _aMACL
090 _c7164
_d7163
100 _aChatterjea, S P
245 _aRomance of Postage Stamps
260 _bNational Book Trust
_c1973
350 _a1.50
650 _aGenral Collection
942 _cBOOK
_k000
999 _c7117
_d7117